[Event "Copenhagen Chess Challenge 2014"]
[Site "Ballerup"]
[Date "2014.05.14"]
[Round "1"]
[White "Thuesen, Mogens Henrik"]
[Black "Petrovski, Petruli"]
[Result "1-0"]
[WhiteElo "2235"]
[BlackElo "1866"]
[PlyCount "69"]
[EventDate "2014.??.??"]
[EventType "swiss"]
[EventRounds "9"]
[EventCountry "DEN"]

1. d4 Nf6 2. Bg5 e6 3. e4 h6 4. Bxf6 Qxf6 5. c3 d6 6. Nd2 Nd7 7. Ngf3 Qd8 8.
Bd3 Be7 9. O-O O-O 10. Qe2 e5 11. Nc4 Bf6 12. Rad1 Qe7 13. Ne3 g6 14. Nd5 Qd8
15. h4 Bg7 16. h5 g5 17. Bc4 exd4 18. cxd4 c6 19. Nc3 b5 20. Bd3 Nf6 21. e5 Re8
22. Ne4 Nxe4 23. Qxe4 d5 24. Qh7+ Kf8 25. Rc1 Bd7 26. Bf5 Bxf5 27. Qxf5 Qc8 28.
Qh7 Qe6 29. Rc3 Rac8 30. Rfc1 g4 31. Nh4 c5 32. Nf5 Bxe5 33. dxe5 Qxe5 34. Nxh6
Qxh5 35. Qh8+ 1-0

[Event "Copenhagen Chess Challenge 2014"]
[Site "Ballerup"]
[Date "2014.05.14"]
[Round "1"]
[White "Vesterli, Michael E"]
[Black "Hein, Jacob"]
[Result "1-0"]
[WhiteElo "2107"]
[BlackElo "1451"]
[PlyCount "63"]
[EventDate "2014.??.??"]
[EventType "swiss"]
[EventRounds "9"]
[EventCountry "DEN"]

1. d4 c6 2. c4 e5 3. dxe5 Qa5+ 4. Nc3 Qxe5 5. Nf3 Qc7 6. e4 Bc5 7. Be2 Nf6 8.
O-O Ng4 9. h3 h5 10. Qd2 Qg3 11. Bd1 d6 12. Na4 Bxf2+ 13. Rxf2 Nxf2 14. Qxf2 h4
15. Qxg3 hxg3 16. Bf4 Bxh3 17. gxh3 Rxh3 18. Kg2 Rh8 19. Bxd6 Rh6 20. Bxg3 Nd7
21. Bc2 O-O-O 22. c5 Rf8 23. b4 Nf6 24. Nb2 Ng4 25. Nc4 b5 26. cxb6 axb6 27.
Nxb6+ Kb7 28. Nc4 Rfh8 29. Rd1 Ka6 30. Bd3 Kb7 31. Be2 Kc8 32. Ng5 1-0

[Event "Copenhagen Chess Challenge 2014"]
[Site "Ballerup"]
[Date "2014.05.14"]
[Round "1"]
[White "Westerinen, Heikki"]
[Black "Olsen, Miriam Frida"]
[Result "1-0"]
[WhiteElo "2299"]
[BlackElo "1952"]
[PlyCount "87"]
[EventDate "2014.??.??"]
[EventType "swiss"]
[EventRounds "9"]
[EventCountry "DEN"]

1. e4 c5 2. Nf3 e6 3. c3 d5 4. exd5 Qxd5 5. d4 Nc6 6. Na3 a6 7. Nc4 Qd8 8. Be3
cxd4 9. Nxd4 Nge7 10. Nxc6 Qxd1+ 11. Rxd1 Nxc6 12. Nb6 Rb8 13. b4 Be7 14. b5
axb5 15. Bxb5 O-O 16. Ke2 Bd8 17. a4 e5 18. Nd7 Bxd7 19. Rxd7 Ba5 20. c4 Bc3
21. Rhd1 Bd4 22. Bxc6 bxc6 23. Bxd4 exd4 24. R7xd4 Rfe8+ 25. Kf3 Rb3+ 26. R1d3
Rxd3+ 27. Rxd3 Kf8 28. Ra3 Ra8 29. Ke4 Ke7 30. Kd4 Kd6 31. c5+ Kc7 32. Kc4 Rb8
33. Re3 Kd7 34. Rb3 Ra8 35. Rb7+ Ke6 36. Kb4 h5 37. a5 g6 38. Rb6 Kd7 39. a6
Ra7 40. Ka5 Kc7 41. Rb2 f6 42. Re2 Ra8 43. Re7+ Kd8 44. Rg7 1-0

[Event "Copenhagen Chess Challenge 2014"]
[Site "Ballerup"]
[Date "2014.05.14"]
[Round "1"]
[White "Yin, Zixiao"]
[Black "Fries Nielsen, Jens Ove"]
[Result "0-1"]
[WhiteElo "2020"]
[BlackElo "2384"]
[PlyCount "118"]
[EventDate "2014.??.??"]
[EventType "swiss"]
[EventRounds "9"]
[EventCountry "DEN"]

1. g3 e5 2. d3 d5 3. c3 a5 4. Na3 Nc6 5. Nc2 a4 6. Nf3 Nf6 7. Bg2 Be7 8. Bg5
O-O 9. O-O h6 10. Bxf6 Bxf6 11. Nd2 Be6 12. e4 dxe4 13. Nxe4 Be7 14. f4 f5 15.
Nf2 exf4 16. gxf4 Bd5 17. Bxd5+ Qxd5 18. Ne3 Qb5 19. b4 Bf6 20. d4 Rfe8 21. Qf3
Rad8 22. Qh3 Bxd4 23. cxd4 Nxd4 24. Ng2 Rd6 25. Qh5 Ree6 26. Rad1 Qxb4 27. Nd3
Qb5 28. Ne5 Qd5 29. Kh1 Re7 30. Nf3 c5 31. Nxd4 cxd4 32. Rd2 Kh7 33. Qf3 Re4
34. Nh4 g5 35. Ng2 g4 36. Qf2 b5 37. Rc1 Rd7 38. Rdc2 d3 39. Rd2 b4 40. Rc5 Qe6
41. Qg3 Rc4 42. Rxc4 Qxc4 43. Ne3 Qe4+ 44. Kg1 b3 45. axb3 axb3 46. Nd1 Qc4 47.
Qe3 Qc1 48. Qe6 Qc5+ 49. Ne3 Re7 50. Qxf5+ Qxf5 51. Nxf5 Re2 52. Rxd3 b2 53.
Rb3 Re1+ 54. Kg2 b1=Q 55. Rxb1 Rxb1 56. h3 Rb2+ 57. Kg3 gxh3 58. Kxh3 Kg6 59.
Kg4 h5+ 0-1

[Event "Copenhagen Chess Challenge 2014"]
[Site "Ballerup"]
[Date "2014.05.14"]
[Round "1"]
[White "Subramanian, Aditya"]
[Black "Jorgensen, Dennis"]
[Result "1/2-1/2"]
[WhiteElo "1845"]
[BlackElo "2231"]
[PlyCount "101"]
[EventDate "2014.??.??"]
[EventType "swiss"]
[EventRounds "9"]
[EventCountry "DEN"]

1. d4 Nf6 2. Nf3 e6 3. c4 b6 4. g3 Ba6 5. Qc2 c6 6. Bg2 d5 7. Ne5 Nfd7 8. Nxd7
Nxd7 9. cxd5 cxd5 10. O-O Be7 11. Nc3 O-O 12. Bf4 Nf6 13. Rac1 Qd7 14. Rfd1
Rac8 15. Bf3 Bb7 16. Qd3 a6 17. Nb1 Ne4 18. Rxc8 Rxc8 19. Rc1 g5 20. Be3 h6 21.
Rxc8+ Qxc8 22. Nc3 Nd6 23. b3 Nf5 24. Bd2 Bf6 25. e3 b5 26. Nd1 Be7 27. Ba5 Ba3
28. Qc3 Nd6 29. Qxc8+ Bxc8 30. Nc3 Bd7 31. Be2 Nb7 32. Bc7 Kf8 33. Nb1 Bd6 34.
Bxd6+ Nxd6 35. g4 Ke7 36. f3 Kd8 37. Kf2 Kc7 38. a3 Kb6 39. Bd3 a5 40. b4 Bc6
41. Nc3 axb4 42. axb4 Kc7 43. Kg3 f6 44. e4 Nc4 45. exd5 exd5 46. Bxc4 dxc4 47.
f4 Kd6 48. fxg5 fxg5 49. h4 Ke6 50. hxg5 hxg5 51. Kf2 1/2-1/2

[Event "Copenhagen Chess Challenge 2014"]
[Site "Ballerup"]
[Date "2014.05.14"]
[Round "1"]
[White "Rosenkilde, Alexander"]
[Black "Andersen, Daniel"]
[Result "0-1"]
[WhiteElo "2271"]
[BlackElo "1940"]
[PlyCount "94"]
[EventDate "2014.??.??"]
[EventType "swiss"]
[EventRounds "9"]
[EventCountry "DEN"]

1. d4 Nf6 2. c4 g6 3. Nc3 d5 4. cxd5 Nxd5 5. e4 Nxc3 6. bxc3 Bg7 7. Bc4 c5 8.
Ne2 Nc6 9. Be3 O-O 10. O-O Qc7 11. Rc1 Rd8 12. Bf4 Be5 13. Bxe5 Nxe5 14. Qb3
Nxc4 15. Qxc4 Bd7 16. f4 Rac8 17. d5 e6 18. Ng3 exd5 19. exd5 b5 20. Qe2 c4 21.
f5 Qc5+ 22. Kh1 Qxd5 23. Ne4 Kg7 24. Rcd1 Qe5 25. f6+ Kg8 26. Qe3 g5 27. Qxg5+
Qxg5 28. Nxg5 Bc6 29. Kg1 h6 30. Nh3 a5 31. a3 Be4 32. Nf4 b4 33. axb4 axb4 34.
Rxd8+ Rxd8 35. Re1 Bf5 36. Re5 bxc3 37. Ne2 Rd1+ 38. Kf2 c2 39. Rxf5 Rd2 40.
Kg3 Rxe2 41. Rf1 Rd2 42. Rc1 Kh7 43. h4 Kg6 44. Kf3 Kxf6 45. g4 Ke5 46. Ke3 c3
47. h5 f6 0-1

[Event "Copenhagen Chess Challenge 2014"]
[Site "Ballerup"]
[Date "2014.05.15"]
[Round "2"]
[White "Andersen, Daniel"]
[Black "Hansen, Mads"]
[Result "1/2-1/2"]
[WhiteElo "1940"]
[BlackElo "2358"]
[PlyCount "117"]
[EventDate "2014.??.??"]
[EventType "swiss"]
[EventRounds "9"]
[EventCountry "DEN"]

1. c4 c5 2. Nf3 Nc6 3. Nc3 g6 4. e3 d6 5. d4 Bg4 6. d5 Ne5 7. Be2 Nxf3+ 8. Bxf3
Bxf3 9. Qxf3 Bg7 10. O-O Nf6 11. e4 O-O 12. Re1 Rb8 13. Qe2 Nd7 14. h3 Re8 15.
Bf4 Qa5 16. Bd2 e6 17. dxe6 fxe6 18. Nb5 Qb6 19. Bc3 Bxc3 20. Nxc3 Ne5 21. Rad1
Rbd8 22. f4 Nc6 23. Nb5 Nd4 24. Nxd4 cxd4 25. Qd2 e5 26. f5 Qc7 27. Qg5 Qe7 28.
f6 Qe6 29. Rf1 Rd7 30. b3 a6 31. Rf3 Rf8 32. h4 Kh8 33. h5 gxh5 34. Rdf1 Qg4
35. Qf5 Rdf7 36. c5 Qxf5 37. Rxf5 dxc5 38. Rxe5 Rxf6 39. Rxf6 Rxf6 40. Rxc5 Rc6
41. Rd5 Rc1+ 42. Kh2 Rd1 43. Kg3 Kg7 44. Kf4 Kf6 45. e5+ Ke7 46. Ke4 Rd2 47.
Rxd4 Rxa2 48. g3 Re2+ 49. Kd5 Re3 50. Rh4 Rd3+ 51. Kc4 Rxg3 52. Rxh5 b5+ 53.
Kb4 Rg6 54. Rxh7+ Ke6 55. Ra7 Kxe5 56. Ka5 Rg3 57. Rxa6 Rxb3 58. Rb6 b4 59.
Rxb4 1/2-1/2

[Event "Copenhagen Chess Challenge 2014"]
[Site "Ballerup"]
[Date "2014.05.15"]
[Round "2"]
[White "Andersen, Kim Nyvang"]
[Black "Petrovski, Petruli"]
[Result "0-1"]
[WhiteElo "2039"]
[BlackElo "1866"]
[PlyCount "48"]
[EventDate "2014.??.??"]
[EventType "swiss"]
[EventRounds "9"]
[EventCountry "DEN"]

1. d4 Nf6 2. c4 e6 3. Nc3 Bb4 4. f3 O-O 5. a3 Bxc3+ 6. bxc3 Nh5 7. Nh3 f5 8.
Bg5 Nf6 9. e3 h6 10. Bh4 d6 11. Bd3 c5 12. O-O Nc6 13. g4 g5 14. Bg3 Qe7 15.
Qe2 fxg4 16. fxg4 e5 17. dxe5 Nxe5 18. Bxe5 Qxe5 19. Bf5 Bd7 20. Qd3 Bc6 21.
Rad1 Rad8 22. e4 Bxe4 23. Bxe4 Qxe4 24. Rxf6 Qxg4+ 0-1

[Event "Copenhagen Chess Challenge 2014"]
[Site "Ballerup"]
[Date "2014.05.15"]
[Round "2"]
[White "Brondal, Paul"]
[Black "Frank Nielsen, Marie"]
[Result "1/2-1/2"]
[WhiteElo "2078"]
[BlackElo "1992"]
[PlyCount "64"]
[EventDate "2014.??.??"]
[EventType "swiss"]
[EventRounds "9"]
[EventCountry "DEN"]

1. b3 e5 2. Bb2 Nc6 3. c4 d6 4. g3 Nf6 5. Bg2 Be7 6. d3 O-O 7. Nc3 Bd7 8. Nf3
Qc8 9. O-O Bh3 10. d4 Bxg2 11. Kxg2 e4 12. Nd2 e3 13. fxe3 Ng4 14. Rf3 Bg5 15.
Nf1 Re8 16. Nd5 Ne7 17. Nxe7+ Rxe7 18. Qd3 Qe6 19. h3 Nxe3+ 20. Nxe3 Bxe3 21.
Bc3 Qe4 22. Qxe4 Rxe4 23. Rd1 Rae8 24. Kf1 g6 25. Rd3 f5 26. d5 h5 27. h4 Kf7
28. Be1 b6 29. Bd2 Bd4 30. e3 Bg7 31. Kf2 a5 32. Bc3 Bh6 1/2-1/2

[Event "Copenhagen Chess Challenge 2014"]
[Site "Ballerup"]
[Date "2014.05.15"]
[Round "2"]
[White "Fries Nielsen, Jens Ove"]
[Black "de Blecourt Dalsberg, Sandra"]
[Result "1-0"]
[WhiteElo "2384"]
[BlackElo "2121"]
[PlyCount "55"]
[EventDate "2014.??.??"]
[EventType "swiss"]
[EventRounds "9"]
[EventCountry "DEN"]

1. d4 d5 2. Nc3 Nf6 3. Bf4 Bf5 4. f3 e6 5. g4 Bg6 6. h4 h5 7. g5 Nh7 8. e4 Bb4
9. exd5 Qxd5 10. Qd2 Bxc3 11. bxc3 Nc6 12. Be3 O-O-O 13. c4 Qd6 14. Ne2 Rhe8
15. Rb1 Nf8 16. Bg2 e5 17. d5 Nd4 18. O-O Nxc2 19. Bxa7 b6 20. Bh3+ Kb7 21. Qa5
Nd4 22. Bxb6 cxb6 23. c5 Bxb1 24. Rxb1 Nxe2+ 25. Kf2 Nc3 26. c6+ Kb8 27. Rxb6+
Kc7 28. Rb7# 1-0

[Event "Copenhagen Chess Challenge 2014"]
[Site "Ballerup"]
[Date "2014.05.15"]
[Round "2"]
[White "Hein, Jacob"]
[Black "Jensen, Morten Frank"]
[Result "0-1"]
[WhiteElo "1451"]
[BlackElo "2005"]
[PlyCount "56"]
[EventDate "2014.??.??"]
[EventType "swiss"]
[EventRounds "9"]
[EventCountry "DEN"]

1. c4 g6 2. Nc3 Bg7 3. d4 c5 4. e3 cxd4 5. exd4 Nf6 6. Nf3 O-O 7. h3 d5 8. Be3
Nc6 9. Be2 dxc4 10. Bxc4 Na5 11. Bd3 Nd5 12. Nxd5 Qxd5 13. Rc1 Nc6 14. Bc4 Qd6
15. Qd2 Rd8 16. Rd1 Bf5 17. Bh6 Nxd4 18. Bf4 Nxf3+ 19. gxf3 Qxd2+ 20. Bxd2 Bxb2
21. Rb1 Bxb1 22. O-O Bf5 23. Bf4 Bf6 24. Re1 Rd4 25. Bxf7+ Kxf7 26. Be3 Rad8
27. Bxd4 Rxd4 28. Kg2 Rd2 0-1

[Event "Copenhagen Chess Challenge 2014"]
[Site "Ballerup"]
[Date "2014.05.15"]
[Round "2"]
[White "Hoi, Carsten"]
[Black "Brondt, Nicolai Kvist"]
[Result "1-0"]
[WhiteElo "2397"]
[BlackElo "2200"]
[PlyCount "98"]
[EventDate "2014.??.??"]
[EventType "swiss"]
[EventRounds "9"]
[EventCountry "DEN"]

1. Nf3 d5 2. e3 c6 3. c4 Nf6 4. d4 Bf5 5. Nc3 e6 6. Bd3 Bxd3 7. Qxd3 Nbd7 8.
O-O Be7 9. b3 O-O 10. Bb2 Qc7 11. Rac1 Rad8 12. Rfd1 Rfe8 13. h3 Qa5 14. a3 Qc7
15. Qc2 Qb8 16. e4 dxe4 17. Nxe4 Nxe4 18. Qxe4 Bf6 19. Rd2 c5 20. Rcd1 Qc7 21.
Qe3 a6 22. Ng5 Nb8 23. Ne4 Bxd4 24. Bxd4 cxd4 25. Rxd4 Nc6 26. R4d2 Rxd2 27.
Rxd2 Rd8 28. b4 Ne7 29. Qf4 Qb8 30. Rd7 Nf5 31. g4 Nh6 32. Qxb8 Rxb8 33. Nc5 f5
34. f3 Nf7 35. Nxe6 Re8 36. gxf5 g6 37. fxg6 hxg6 38. Nd4 Ne5 39. Rxb7 Nxc4 40.
a4 Re1+ 41. Kf2 Ra1 42. a5 Rb1 43. Nc6 Rb3 44. Kg3 Nd2 45. Ne5 g5 46. b5 Ne4+
47. Kg4 Nd6 48. bxa6 Rxb7 49. axb7 Nxb7 1-0

[Event "Copenhagen Chess Challenge 2014"]
[Site "Ballerup"]
[Date "2014.05.15"]
[Round "2"]
[White "Jacobsen, Mikkel Manosri"]
[Black "Korley, Kassa"]
[Result "0-1"]
[WhiteElo "2113"]
[BlackElo "2390"]
[PlyCount "114"]
[EventDate "2014.??.??"]
[EventType "swiss"]
[EventRounds "9"]
[EventCountry "DEN"]

1. d4 Nf6 2. Nf3 e6 3. Bf4 Be7 4. h3 O-O 5. e3 c5 6. c3 b6 7. Nbd2 Bb7 8. Bd3
Nc6 9. O-O Rc8 10. Qe2 d5 11. Ne5 c4 12. Bc2 b5 13. Nxc6 Bxc6 14. b4 a5 15. a3
Ra8 16. e4 dxe4 17. Nxe4 Nxe4 18. Bxe4 Bxe4 19. Qxe4 Qd7 20. Rfe1 Rfd8 21. d5
Qxd5 22. Bc7 Qxe4 23. Rxe4 Rd3 24. Bxa5 Rxc3 25. a4 bxa4 26. Rxa4 h5 27. g3 Rc2
28. Kg2 Rb8 29. Rd4 Rb5 30. Rd7 Bf6 31. Bd8 Bxd8 32. Rxd8+ Kh7 33. Rc8 Rf5 34.
g4 Rfxf2+ 35. Kg3 Rg2+ 36. Kf4 hxg4 37. hxg4 c3 38. Ra5 f6 39. Rac5 e5+ 40. Kf3
Rcf2+ 41. Ke3 Rf4 42. b5 Rgxg4 43. b6 Rg3+ 44. Ke2 Rg2+ 45. Kd3 Rb2 46. R5c6 c2
47. Rxc2 Rxb6 48. Rh2+ Kg6 49. Rg2+ Kf5 50. Rxg7 Rb3+ 51. Ke2 Rh4 52. Kf1 Rb2
53. Kg1 Rg4+ 54. Rxg4 Kxg4 55. Rc4+ Kg3 56. Kf1 f5 57. Rc5 Kf4 0-1

[Event "Copenhagen Chess Challenge 2014"]
[Site "Ballerup"]
[Date "2014.05.15"]
[Round "2"]
[White "Jorgensen, Dennis"]
[Black "Rosenkilde, Alexander"]
[Result "1/2-1/2"]
[WhiteElo "2231"]
[BlackElo "2271"]
[PlyCount "108"]
[EventDate "2014.??.??"]
[EventType "swiss"]
[EventRounds "9"]
[EventCountry "DEN"]

1. d4 Nf6 2. c4 e6 3. Nf3 d5 4. g3 Be7 5. Bg2 O-O 6. O-O dxc4 7. Qa4 a6 8. Qxc4
b5 9. Qc2 Bb7 10. Bd2 Ra7 11. Rd1 Nbd7 12. Ba5 Qa8 13. Nbd2 c5 14. dxc5 Bxc5
15. Nb3 Be7 16. Rac1 Rc8 17. Qd2 Rxc1 18. Rxc1 Bd5 19. Qc2 h6 20. Qc8+ Kh7 21.
Qxa8 Rxa8 22. Nfd4 Ne5 23. Bxd5 Nxd5 24. Nd2 Kg6 25. a3 Nd7 26. N2f3 Bf6 27. e4
N5b6 28. Rc7 Rb8 29. b3 Ne5 30. Kg2 Nxf3 31. Nxf3 Nc8 32. Rc6 Ra8 33. Ne1 Be7
34. a4 Bf8 35. Nd3 Ne7 36. Ne5+ Kh7 37. Rc7 Kg8 38. Nd7 Nc8 39. Rc6 Ne7 40. Rb6
Nc8 41. Rb8 Rxb8 42. Nxb8 Nd6 43. Nxa6 bxa4 44. bxa4 Nxe4 45. Bb6 Nd2 46. Nb8
Nc4 47. Ba7 Bd6 48. Nc6 Kf8 49. f4 Ke8 50. Nd4 Kd7 51. Nb3 Bb4 52. Kf3 Kc6 53.
Bd4 f6 54. Kg4 Kd5 1/2-1/2

[Event "Copenhagen Chess Challenge 2014"]
[Site "Ballerup"]
[Date "2014.05.15"]
[Round "2"]
[White "Karlsson, Robin"]
[Black "Nielsen, Thomas (1994)"]
[Result "1-0"]
[WhiteElo "2008"]
[BlackElo "1600"]
[PlyCount "49"]
[EventDate "2014.??.??"]
[EventType "swiss"]
[EventRounds "9"]
[EventCountry "DEN"]

1. d4 e6 2. c4 d5 3. Nc3 Nf6 4. cxd5 exd5 5. Qc2 Be6 6. Bg5 Be7 7. e3 c6 8. Bd3
Nbd7 9. Nge2 h6 10. Bh4 Nb6 11. O-O Qd7 12. f3 Nc4 13. Bf2 O-O-O 14. Nf4 g5 15.
Nxe6 fxe6 16. Nxd5 cxd5 17. b3 b5 18. Rab1 g4 19. Bg3 gxf3 20. bxc4 Bd6 21.
cxd5+ Qc7 22. Qxc7+ Kxc7 23. Bh4 Rdf8 24. dxe6 Ng4 25. Rfc1+ 1-0

[Event "Copenhagen Chess Challenge 2014"]
[Site "Ballerup"]
[Date "2014.05.15"]
[Round "2"]
[White "Krull, Carl"]
[Black "Pallesen, Jacob"]
[Result "0-1"]
[WhiteElo "1789"]
[BlackElo "2029"]
[PlyCount "106"]
[EventDate "2014.??.??"]
[EventType "swiss"]
[EventRounds "9"]
[EventCountry "DEN"]

1. e4 c5 2. Nf3 e6 3. d4 cxd4 4. Qxd4 Nc6 5. Qa4 Nf6 6. Bg5 Be7 7. Nbd2 O-O 8.
Bd3 d5 9. e5 Nd7 10. Qh4 h6 11. Bxe7 Qxe7 12. Qxe7 Nxe7 13. O-O-O Nc5 14. Nd4
a6 15. f4 Bd7 16. N2b3 Rfc8 17. Nxc5 Rxc5 18. h4 Rc7 19. g4 Nc6 20. Nxc6 Bxc6
21. g5 Bb5 22. Bxb5 axb5 23. Kb1 Rc4 24. f5 Re4 25. gxh6 gxh6 26. Rdg1+ Kh7 27.
fxe6 fxe6 28. Rf1 Rg8 29. Re1 Rgg4 30. Rxe4 Rxe4 31. Kc1 Rxe5 32. h5 Kg7 33.
Kd2 Kf6 34. Kd3 Kg5 35. Kd4 Re2 36. Kd3 Re4 37. b3 b4 38. c3 bxc3 39. Kxc3 b5
40. a3 e5 41. Kd3 Rg4 42. Rh3 Rg1 43. Kc3 Kg4 44. Rh2 Rc1+ 45. Kb4 d4 46. a4
bxa4 47. bxa4 d3 48. Ra2 Rc2 49. Ra3 e4 50. a5 d2 51. a6 d1=Q 52. a7 Qd4+ 53.
Kb5 Rc5+ 0-1

[Event "Copenhagen Chess Challenge 2014"]
[Site "Ballerup"]
[Date "2014.05.15"]
[Round "2"]
[White "Larsen, Preben R"]
[Black "Quernheim, Daniel"]
[Result "0-1"]
[WhiteElo "1808"]
[BlackElo "2032"]
[PlyCount "50"]
[EventDate "2014.??.??"]
[EventType "swiss"]
[EventRounds "9"]
[EventCountry "DEN"]

1. c4 b6 2. Nc3 e6 3. Nf3 Bb7 4. a3 f5 5. d4 Nf6 6. Bg5 Be7 7. e3 O-O 8. d5
Nxd5 9. Nxd5 Bxg5 10. Nxg5 exd5 11. h4 Qf6 12. Rb1 f4 13. Bd3 fxe3 14. Bxh7+
Kh8 15. f3 Qf4 16. Rh3 Qxc4 17. Rc1 Qb5 18. Bd3 Qa5+ 19. Rc3 d4 20. b4 Qe5 21.
Rc2 c5 22. bxc5 bxc5 23. Bg6 Ba6 24. Nf7+ Rxf7 25. Bxf7 d3 0-1

[Event "Copenhagen Chess Challenge 2014"]
[Site "Ballerup"]
[Date "2014.05.15"]
[Round "2"]
[White "Lauritsen, Martin Lee"]
[Black "Mikkelsen, Nikolaj"]
[Result "0-1"]
[WhiteElo "2141"]
[BlackElo "2430"]
[PlyCount "108"]
[EventDate "2014.??.??"]
[EventType "swiss"]
[EventRounds "9"]
[EventCountry "DEN"]

1. e4 e5 2. Nf3 Nc6 3. d4 exd4 4. Nxd4 Qf6 5. Nb3 Qg6 6. f3 Bb4+ 7. c3 Be7 8.
Be3 Nf6 9. N1d2 d5 10. exd5 Nxd5 11. Bf2 Bf5 12. g3 O-O 13. Bc4 Rad8 14. O-O
Ne5 15. Be2 Nf4 16. Re1 Bc2 17. Qc1 Bxb3 18. Nxb3 Ned3 19. Qe3 Bg5 20. Kf1 Nxe2
21. Qxe2 Nxe1 22. Rxe1 Qc6 23. Nd4 Qd7 24. Qb5 Qxb5+ 25. Nxb5 c6 26. Nd4 Rfe8
27. f4 Bf6 28. Nb3 Rxe1+ 29. Kxe1 b6 30. a4 Rd5 31. Ke2 Kf8 32. Be3 Ke8 33. g4
g6 34. Bd2 Kd8 35. Nc1 Kc7 36. Nd3 Rd8 37. Be3 Bg7 38. Bf2 Rd5 39. Be1 Ra5 40.
b3 Rd5 41. c4 Rd8 42. Bf2 Bc3 43. Bg3 Re8+ 44. Kf3 f5 45. gxf5 gxf5 46. Bf2 c5
47. h3 Kd6 48. Nc1 Ke6 49. Ne2 Rd8 50. Be3 Bb2 51. a5 bxa5 52. Bxc5 Rd3+ 53.
Kg2 Rxb3 54. Bd4 a4 0-1

[Event "Copenhagen Chess Challenge 2014"]
[Site "Ballerup"]
[Date "2014.05.15"]
[Round "2"]
[White "Mueller, Reinhold"]
[Black "Hector, Jonny"]
[Result "0-1"]
[WhiteElo "2282"]
[BlackElo "2511"]
[PlyCount "76"]
[EventDate "2014.??.??"]
[EventType "swiss"]
[EventRounds "9"]
[EventCountry "DEN"]

1. d4 d5 2. c4 c6 3. Nf3 Nf6 4. Nc3 dxc4 5. a4 Bf5 6. e3 e6 7. Bxc4 Bb4 8. O-O
Nbd7 9. Qe2 Bg4 10. h3 Bxf3 11. Qxf3 O-O 12. Rd1 e5 13. d5 Qe7 14. dxc6 bxc6
15. e4 Rfd8 16. Be3 a5 17. Rd3 Nc5 18. Bxc5 Bxc5 19. Rad1 Bd4 20. b3 Rd6 21.
Ne2 c5 22. Nc3 Rad8 23. Nb5 Rb6 24. Qe2 Qb7 25. Re1 Rd7 26. Na3 Qa8 27. Kf1 g6
28. g3 Kg7 29. f3 Nh5 30. Kg2 f5 31. Bd5 Qd8 32. Qd2 f4 33. g4 Qh4 34. gxh5
gxh5 35. Rh1 Rg6+ 36. Kf1 Kh6 37. Nc2 Rdg7 38. Nxd4 Qxh3+ 0-1

[Event "Copenhagen Chess Challenge 2014"]
[Site "Ballerup"]
[Date "2014.05.15"]
[Round "2"]
[White "Murtuzov, Rauf Mubariz"]
[Black "Christensen, Tobias"]
[Result "0-1"]
[WhiteElo "2079"]
[BlackElo "2368"]
[PlyCount "98"]
[EventDate "2014.??.??"]
[EventType "swiss"]
[EventRounds "9"]
[EventCountry "DEN"]

1. e4 c5 2. Nf3 d6 3. d4 Nf6 4. Nc3 cxd4 5. Nxd4 g6 6. Be3 Bg7 7. f3 O-O 8. Qd2
Nc6 9. Bc4 Nxd4 10. Bxd4 Be6 11. Bxe6 fxe6 12. O-O-O Qa5 13. Kb1 Rac8 14. h4
Nh5 15. Bxg7 Kxg7 16. Qd4+ e5 17. Qd5 Qxd5 18. Nxd5 Rf7 19. Rd3 Nf4 20. Nxf4
Rxf4 21. b3 h6 22. c4 b6 23. Kb2 g5 24. hxg5 hxg5 25. a4 g4 26. Rh4 gxf3 27.
Rxf4 exf4 28. Rxf3 e5 29. Rd3 Rh8 30. Kc3 Rh6 31. g3 Rf6 32. gxf4 exf4 33. Kd2
Rh6 34. Rf3 Rh4 35. Kd3 Kf6 36. Kd4 Kg5 37. Kd5 Kg4 38. Rf1 Rh3 39. Kxd6 Rxb3
40. e5 Rd3+ 41. Kc6 Kf5 42. e6 Re3 43. a5 Rxe6+ 44. Kd7 Re5 45. axb6 axb6 46.
Kd6 Rc5 47. Rb1 f3 48. Rxb6 Rxc4 49. Rb2 Rf4 0-1

[Event "Copenhagen Chess Challenge 2014"]
[Site "Ballerup"]
[Date "2014.05.15"]
[Round "2"]
[White "Nielsen, Thomas (1975)"]
[Black "Slettebo, Jan"]
[Result "0-1"]
[WhiteElo "1912"]
[BlackElo "2040"]
[PlyCount "138"]
[EventDate "2014.??.??"]
[EventType "swiss"]
[EventRounds "9"]
[EventCountry "DEN"]

1. d4 d5 2. c4 c6 3. Nf3 Nf6 4. e3 Bg4 5. h3 Bxf3 6. Qxf3 e6 7. Nc3 Bd6 8. Bd3
Nbd7 9. cxd5 exd5 10. O-O O-O 11. e4 dxe4 12. Nxe4 Nxe4 13. Qxe4 g6 14. Bh6 Re8
15. Qf3 Qh4 16. Be3 Nb6 17. Rac1 Rad8 18. Rfd1 Nd5 19. Bc4 Bf8 20. Kh2 Qe4 21.
Re1 Qxf3 22. gxf3 Bb4 23. Re2 Nb6 24. Bd3 f5 25. f4 Bf8 26. a3 Bg7 27. Rd2 Bxd4
28. Bc4+ Nxc4 29. Rxd4 Rxd4 30. Bxd4 Nd2 31. Rc3 Ne4 32. Rc2 c5 33. Be3 b6 34.
b4 cxb4 35. axb4 Kf7 36. Rc7+ Re7 37. Rc6 Rd7 38. f3 Nf6 39. Kg3 Nd5 40. Bd2
Ne7 41. Rc2 Rd3 42. Bc3 Nd5 43. Be5 Ke6 44. Rc6+ Ke7 45. Rc8 Nxb4 46. Rh8 Nc6
47. Rxh7+ Ke6 48. Bb2 Rb3 49. Ba1 Rb1 50. Bc3 b5 51. Rg7 Ne7 52. Bd4 Rc1 53.
Bxa7 b4 54. Bd4 Rc4 55. Bb2 Rc2 56. Be5 b3 57. h4 b2 58. Bxb2 Rxb2 59. h5 gxh5
60. Rh7 Rb4 61. Rxh5 Ng6 62. Rg5 Kf6 63. Rh5 Nxf4 64. Rh6+ Kg5 65. Rh8 Rb2 66.
Rg8+ Ng6 67. f4+ Kf6 68. Ra8 Rb3+ 69. Kf2 Nxf4 0-1

[Event "Copenhagen Chess Challenge 2014"]
[Site "Ballerup"]
[Date "2014.05.15"]
[Round "2"]
[White "Nielsen, Viktor"]
[Black "Tangelder, Yonne"]
[Result "1-0"]
[WhiteElo "2029"]
[BlackElo "1800"]
[PlyCount "65"]
[EventDate "2014.??.??"]
[EventType "swiss"]
[EventRounds "9"]
[EventCountry "DEN"]

1. e4 e5 2. Nf3 Nc6 3. Bb5 f5 4. d3 fxe4 5. dxe4 Nf6 6. O-O Bc5 7. Qd3 d6 8.
Qc4 Qe7 9. Nc3 a6 10. Bxc6+ bxc6 11. Be3 Be6 12. Qa4 Bxe3 13. Qxc6+ Kf7 14.
fxe3 Qd7 15. Qxd7+ Bxd7 16. Rad1 Rhb8 17. b3 Kg8 18. h3 Ra7 19. Nh4 Re8 20. Nf5
Bc6 21. Nd5 Kh8 22. Nxg7 Kxg7 23. Nxf6 Re7 24. Nd5 Rd7 25. Rf3 a5 26. a4 Bb7
27. Rg3+ Kh8 28. Rf1 Ra8 29. Rf5 c6 30. Nb6 Rg7 31. Rxg7 Kxg7 32. Nxa8 Bxa8 33.
Rf2 1-0

[Event "Copenhagen Chess Challenge 2014"]
[Site "Ballerup"]
[Date "2014.05.15"]
[Round "2"]
[White "Ochsner, Bjorn Moller"]
[Black "Stefansson, Hannes"]
[Result "0-1"]
[WhiteElo "2307"]
[BlackElo "2548"]
[PlyCount "104"]
[EventDate "2014.??.??"]
[EventType "swiss"]
[EventRounds "9"]
[EventCountry "DEN"]

1. e4 c5 2. Nf3 e6 3. d4 cxd4 4. Nxd4 Nc6 5. Nc3 Qc7 6. Be3 a6 7. Qd2 Nf6 8.
O-O-O Be7 9. f3 b5 10. Kb1 Bb7 11. g4 Nxd4 12. Bxd4 Rc8 13. g5 Nh5 14. Be3 b4
15. Na4 Bc6 16. Nb6 Rb8 17. Nd5 exd5 18. exd5 Ba4 19. b3 Bd6 20. bxa4 O-O 21.
Bxa6 Qa5 22. Bc4 Qxa4 23. Bb3 Qa5 24. Qd4 Rfc8 25. Qg4 Rc3 26. Rd3 g6 27. Qxd7
Rd8 28. Qa7 Qb5 29. Qb6 Qe8 30. Rxc3 bxc3 31. Bd4 Qe7 32. Bxc3 Qxg5 33. Qd4 f6
34. Rg1 Qh6 35. Qe4 Qf8 36. Qe6+ Kg7 37. Re1 Nf4 38. Qe4 Ng2 39. Rg1 Re8 40.
Qg4 Nf4 41. Re1 Rxe1+ 42. Bxe1 Qe7 43. Bd2 h5 44. Qg1 Qe5 45. Qa7+ Kh6 46. Qe3
Qg5 47. Bc1 Qh4 48. Qb6 Be5 49. d6 Qe1 50. d7 Qc3 51. Bxf4+ Bxf4 52. a4 Be5 0-1

[Event "Copenhagen Chess Challenge 2014"]
[Site "Ballerup"]
[Date "2014.05.15"]
[Round "2"]
[White "Olsen, Aage Dalstrup"]
[Black "Karlsson, Ulf"]
[Result "0-1"]
[WhiteElo "2054"]
[BlackElo "1959"]
[PlyCount "70"]
[EventDate "2014.??.??"]
[EventType "swiss"]
[EventRounds "9"]
[EventCountry "DEN"]

1. e4 c5 2. d4 cxd4 3. c3 g6 4. Nf3 d5 5. Qxd4 Nf6 6. e5 Ne4 7. Nbd2 Nxd2 8.
Bxd2 e6 9. Bg5 Be7 10. Bh6 Nc6 11. Bb5 Bd7 12. Bxc6 bxc6 13. O-O c5 14. Qd2 Rg8
15. Bg5 Bxg5 16. Nxg5 Rh8 17. Rad1 Bc6 18. b4 h6 19. Nf3 c4 20. Nd4 Bd7 21.
Rde1 Kf8 22. f4 Kg7 23. g4 f5 24. exf6+ Qxf6 25. Qg2 Rae8 26. Qg3 h5 27. g5 Qd8
28. Re5 Re7 29. Qe3 Rhe8 30. Re1 Kf7 31. Qf3 Bc8 32. f5 exf5 33. Nc6 Qb6+ 34.
Qe3 Rxe5 35. Nxe5+ Rxe5 0-1